000 01277nam0a2200385 4500
001 RU\NLR\bibl\222145
005 20250619104512.0
010 _a5-8451-0749-0
_910000
021 _aRU
_b2001-30696
_91466
035 _a(NLR Aleph) 000218202
090 _a1267792
_c1267792
100 _a20011114d2001 |||y0rusy50 ca
101 1 _arus
_ceng
102 _aRU
105 _aa |||||||||
200 1 _aКогда динозавры правили Землей
_e[Для мл. и сред. шк. возраста]
_fРод Теодору
_gПер. с англ. О. Лазаревой
_g[Худож. Тим Мэйер]
210 _aМ.
_cРосмэн
_d2001
215 _a46, [1] с.
_cцв. ил.
_d28
225 1 _aЗагадки Земли
300 _aНа обл. авт. не указан
320 _aУказ. в конце кн.
610 0 _aДинозавры (д. л.)
675 _a087.5:568.19
_v3
_zrus
686 _a28.1
_2rubbk
686 _aШ9
_bЕ1
700 1 _aТеодору
_bР.
_gРод
_4070
702 1 _aМэйер
_bТ.
_gТим
_4440
801 0 _aRU
_bRKP
_c20011114
_gPSBO
801 1 _aRU
_bRKP
_c20011114
801 2 _aRU
_bNLR
_c20020214
_grcr
942 _cBOOK
980 _aNB